000
00287nam a22001337a 4500
008
171014b xxu||||| |||| 00| 0 eng d
020
_a
9780679759119
041
_a
eng
080
_a
331
100
_a
52
101
_a
PUN
245
_a
TRASHPROOF RESUMES
_c
HAFT, T.D
942
_2
udc
_c
BK
999
_c
33947
_d
33947